Every 100,000+ city in USA: Arkansas - Statistics

General Stats
  • This quiz has been taken 63 times
  • The average score is 4 of 6
Answer Stats
Letter Population City % Correct
L-R 382,535 Little Rock
100%
F 440,190 Fayetteville
90%
N-L-R 110,660 North Little Rock
88%
F-S 119,257 Fort Smith
83%
S 102,556 Springdale
50%
R 276,990 Rogers
35%
No matching quizzes found
Score Distribution
Percent of People with Each Score
Percentile by Number Answered
Your Score History
You have not taken this quiz